000 00689nam a2200289Ia 4500
005 20260324111536.0
008 008 260324s9999 xx 000 0 eng d
020 _a9781003632580
037 _aEBOOK
040 _aCRL
040 _beng
040 _cCRL
041 _2eng
041 _aeng
084 _qCRL
100 _aTrevor Rushton
_91138992
245 0 _aWatts Pocket Handbook
245 4 _bThe Essential Guide to Property and Construction
260 _bTaylor and Francis
260 _c2025
365 _a
365 _b320
856 _uhttp://www.taylorfrancis.com/books/9781003632580
942 _cEBOOK
999 _c1727856
_d1727856